000 00353nam a2200145Ia 4500
005 20250318081402.0
008 240331s9999 xx 000 0 und d
082 _bISM
_a894
100 _aIsmail, M.M
245 0 _aIllakkiya malarkal
260 _aChennai
_bVanathi Pathippagam
_c1990
300 _a462 p .,
650 _aKalaium Ilakkiyamum
942 _cL
999 _c3956
_d3956